| 000 | 01032nam0a22002531 4500 | ||
|---|---|---|---|
| 001 | rc\3704793 | ||
| 005 | 20130115152626.2 | ||
| 035 | _a(NLR Aleph) 007764846 | ||
| 090 |
_a7405934 _c7405934 |
||
| 100 | _a20130115g19731974|||y0rusy50 ca | ||
| 101 | 0 | _arus | |
| 102 | _aRU | ||
| 105 | _aa z ||||| | ||
| 200 | 1 |
_aКолебательные явления в потоках заряженных частиц _e(Сборник статей) _f[Науч. ред. д. т. н., проф. Ю.А. Кацман] _gМ-во высш. и сред. спец. образ. РСФСР. Сев.-Зап. заоч. политехн. ин-т |
|
| 210 |
_aЛенинград _cБ. и. _d1973 (вып. дан. 1974) |
||
| 215 |
_a90 с. _cил. _d21 |
||
| 320 | _aБиблиогр. в конце статей | ||
| 333 | _aДля служебного пользования. Экз. № 00294 | ||
| 702 | 1 |
_aКацман _bЮ. А. _4340 |
|
| 801 | 0 |
_aRU _bNLR _gpsbo |
|
| 801 | 1 |
_aRU _bELAR _2rusmarc |
|
| 852 |
_aNLR _j74-50к/1559 |
||
| 942 | _cBOOK | ||
| 980 | _aNB | ||